[Event "ECCC 2013"]
[Site "Rhodes"]
[Date "2013.10.22"]
[Round "3"]
[White "Sonntag, Hans-Hubert"]
[Black "Vuilleumier, Alexandre"]
[Result "1/2-1/2"]
[WhiteElo "2377"]
[BlackElo "2325"]
[PlyCount "133"]
[EventDate "2013.10.20"]
[EventType "team"]
[EventRounds "7"]
[EventCountry "GRE"]
[WhiteTeam "S.F. Wirtzfeld"]
[BlackTeam "Club d'Echecs de Geneve"]

1. Nf3 Nf6 2. d4 e6 3. e3 c5 4. c4 d5 5. Nc3 Nc6 6. a3 Be7 7. dxc5 Bxc5 8. b4
Be7 9. Bb2 O-O 10. Qb3 a6 11. cxd5 exd5 12. Be2 h6 13. O-O Be6 14. Rfd1 Qb8 15.
Qc2 Rc8 16. Rac1 Bd6 17. Qb1 b5 18. h3 Ra7 19. Bd3 Re7 20. Qa1 Bd7 21. Bf1 Be6
22. Ne2 Ne8 23. Nc3 Nf6 24. Bd3 Bd7 25. Bc2 Be6 26. Ne2 Ne8 27. Bb3 a5 28. Ned4
Nxd4 29. Nxd4 Rec7 30. Rxc7 Rxc7 31. bxa5 b4 32. a4 Qa8 33. Nb5 Rd7 34. Qc1
Qxa5 35. Qc6 Qd8 36. Nxd6 Nxd6 37. Qc5 Nc4 38. Ba1 Qb6 39. Qxb6 Nxb6 40. Rc1
Nc4 41. Bd4 Rb7 42. Rb1 Bf5 43. Ra1 Na5 44. Bxd5 Rd7 45. e4 Bxe4 46. Bxe4 Rxd4
47. f3 g6 48. g4 Rd2 49. Rc1 Ra2 50. Rc8+ Kg7 51. Rb8 b3 52. Bd5 Rd2 53. Bxb3
Rb2 54. Rb5 Nxb3 55. a5 Ra2 56. Rxb3 Rxa5 57. Kg2 h5 58. Kg3 hxg4 59. hxg4 g5
60. f4 gxf4+ 61. Kxf4 Ra4+ 62. Kf5 Ra5+ 63. Kf4 Ra4+ 64. Kf5 Ra5+ 65. Kf4 Ra4+
66. Kf5 Ra5+ 67. Ke4 1/2-1/2

[Event "ECCC 2013"]
[Site "Rhodes"]
[Date "2013.10.22"]
[Round "3"]
[White "Duport, Nicolas"]
[Black "Tuncer, Ufuk"]
[Result "0-1"]
[WhiteElo "2219"]
[BlackElo "2317"]
[PlyCount "50"]
[EventDate "2013.10.20"]
[EventType "team"]
[EventRounds "7"]
[EventCountry "GRE"]
[WhiteTeam "Club d'Echecs de Geneve"]
[BlackTeam "S.F. Wirtzfeld"]

1. e4 c5 2. Nf3 d6 3. d4 cxd4 4. Nxd4 Nf6 5. Nc3 g6 6. Be3 Bg7 7. f3 Nc6 8. Qd2
O-O 9. Bc4 Bd7 10. Bb3 Na5 11. Bh6 Bxh6 12. Qxh6 e5 13. Nde2 b5 14. O-O-O b4
15. Nd5 Nxb3+ 16. axb3 Nxd5 17. Rxd5 Be6 18. Rd3 a5 19. Ng3 a4 20. bxa4 Rxa4
21. b3 Ra2 22. h4 Qc7 23. Qd2 Rc8 24. Kd1 Rxc2 25. Qxb4 Rxg2 0-1

[Event "ECCC 2013"]
[Site "Rhodes"]
[Date "2013.10.22"]
[Round "3"]
[White "Nemeth, Miklos"]
[Black "Pedersen, Nicolai Vesterbaek"]
[Result "1/2-1/2"]
[WhiteElo "2468"]
[BlackElo "2397"]
[PlyCount "84"]
[EventDate "2013.10.20"]
[EventType "team"]
[EventRounds "7"]
[EventCountry "GRE"]
[WhiteTeam "Haladas VSE, Szombathely"]
[BlackTeam "Nordea Skanderborg"]

1. e4 e5 2. Nf3 Nc6 3. Bc4 Nf6 4. d3 Be7 5. c3 O-O 6. Bb3 d6 7. Nbd2 Na5 8. Bc2
c5 9. Nf1 Nc6 10. Ng3 d5 11. Qe2 Re8 12. O-O h6 13. Nh4 Bf8 14. Nhf5 Ne7 15.
Nxe7+ Qxe7 16. f4 dxe4 17. Nxe4 Nxe4 18. Qxe4 exf4 19. Qxf4 Be6 20. Qg3 Qd6 21.
Bf4 Qb6 22. b3 Bd5 23. Rf2 Re6 24. Raf1 Bd6 25. Bxd6 Rxd6 26. Qe5 Be6 27. Qh5
Rd5 28. Qe2 Qa5 29. Qe1 Rad8 30. Bb1 Qc7 31. Re2 Qd6 32. Re3 Rg5 33. Rf2 Qc6
34. Bc2 Bd5 35. Qe2 Be6 36. Qe1 Bd5 37. Qe2 Rg6 38. Re5 Re6 39. Rxe6 Bxe6 40.
Qe5 a5 41. Re2 b5 42. Re3 Qd5 1/2-1/2

[Event "ECCC 2013"]
[Site "Rhodes"]
[Date "2013.10.22"]
[Round "3"]
[White "Nagy, Gabor"]
[Black "Bjerre, Tavs"]
[Result "1-0"]
[WhiteElo "2414"]
[BlackElo "2019"]
[PlyCount "51"]
[EventDate "2013.10.20"]
[EventType "team"]
[EventRounds "7"]
[EventCountry "GRE"]
[WhiteTeam "Haladas VSE, Szombathely"]
[BlackTeam "Nordea Skanderborg"]

1. Nf3 Nf6 2. c4 g6 3. d4 Bg7 4. g3 O-O 5. Bg2 d6 6. O-O Nbd7 7. Nc3 e5 8. e4
exd4 9. Nxd4 Re8 10. h3 Nc5 11. Re1 c6 12. Bf4 Qb6 13. Rb1 Bd7 14. Be3 Qc7 15.
Qc2 a5 16. Rbd1 Rad8 17. Bf4 Bc8 18. Qd2 Nfd7 19. Bg5 f6 20. Be3 Ne5 21. Qe2
Ne6 22. f4 Nf7 23. Qf2 Nc5 24. a3 Nd7 25. b3 Re7 26. Ndb5 1-0

[Event "ECCC 2013"]
[Site "Rhodes"]
[Date "2013.10.22"]
[Round "3"]
[White "Watson, Colin"]
[Black "Csonka, Attila Istvan"]
[Result "1/2-1/2"]
[WhiteElo "1926"]
[BlackElo "2387"]
[PlyCount "81"]
[EventDate "2013.10.20"]
[EventType "team"]
[EventRounds "7"]
[EventCountry "GRE"]
[WhiteTeam "Nordea Skanderborg"]
[BlackTeam "Haladas VSE, Szombathely"]

1. e4 c5 2. Nc3 e6 3. f4 Nc6 4. Nf3 a6 5. d3 b5 6. g3 Bb7 7. Bg2 h5 8. O-O Nf6
9. h3 b4 10. Ne2 d5 11. e5 Ng8 12. f5 exf5 13. Ng5 Nh6 14. e6 Qf6 15. exf7+
Nxf7 16. Nxf7 Qxf7 17. Nf4 O-O-O 18. c3 g5 19. Ne2 Qg6 20. d4 Bd6 21. Qd3 Rhf8
22. Kh1 c4 23. Qc2 Bc7 24. Bd2 h4 25. Be1 Kb8 26. Rd1 Bc8 27. b3 g4 28. Nf4
Bxf4 29. gxf4 Rfe8 30. Bf2 gxh3 31. Bf3 Qh6 32. Qc1 Bb7 33. Rde1 bxc3 34. Rxe8
Rxe8 35. bxc4 Nb4 36. Qxc3 Qxf4 37. Bg1 Nxa2 38. Qb2 Ka7 39. Qxa2 Re1 40. Qf2
Rxf1 41. Qxf1 1/2-1/2

[Event "ECCC 2013"]
[Site "Rhodes"]
[Date "2013.10.22"]
[Round "3"]
[White "Pergel, Laszlo"]
[Black "Bjerre, Jonas"]
[Result "1/2-1/2"]
[WhiteElo "2249"]
[BlackElo "1792"]
[PlyCount "129"]
[EventDate "2013.10.20"]
[EventType "team"]
[EventRounds "7"]
[EventCountry "GRE"]
[WhiteTeam "Haladas VSE, Szombathely"]
[BlackTeam "Nordea Skanderborg"]

1. e4 c5 2. d4 cxd4 3. c3 d5 4. cxd4 dxe4 5. Nc3 Nf6 6. Bg5 Bf5 7. Nge2 Nbd7 8.
Ng3 Bg6 9. Qb3 Qb6 10. Qxb6 Nxb6 11. Bb5+ Nbd7 12. O-O a6 13. Bxf6 gxf6 14.
Bxd7+ Kxd7 15. Ncxe4 b6 16. f4 Bxe4 17. Nxe4 Bg7 18. f5 Bh6 19. Rf3 Rac8 20.
Nc3 Rc4 21. Rd1 Rhc8 22. Rh3 Bg5 23. Rxh7 Be3+ 24. Kf1 Rxd4 25. Ke2 Rxd1 26.
Kxd1 Bd4 27. Kc2 Rg8 28. g3 Rg5 29. Rxf7 Rxf5 30. Rh7 Rf2+ 31. Kb3 Rf3 32. Kc4
Bxc3 33. bxc3 Kd6 34. Rh8 e5 35. Rd8+ Kc6 36. Rd2 f5 37. Re2 b5+ 38. Kb3 e4 39.
g4 fxg4 40. Rxe4 Rf2 41. Rxg4 Rxh2 42. Rg6+ Kb7 43. a4 Rh4 44. axb5 axb5 45.
Rg8 Rf4 46. Rg7+ Kb6 47. Rg6+ Kb7 48. Rg1 Rh4 49. Rb1 Kc6 50. Rd1 Kc5 51. Rd8
Rf4 52. Rc8+ Kb6 53. Rb8+ Kc6 54. Kc2 Kc5 55. Kd3 Rh4 56. Rc8+ Kd5 57. Kc2 Rf4
58. Kb3 Rh4 59. Rg8 Kc5 60. Rg5+ Kb6 61. Rg8 Kc5 62. Rc8+ Kb6 63. c4 bxc4+ 64.
Rxc4 Rxc4 65. Kxc4 1/2-1/2

[Event "ECCC 2013"]
[Site "Rhodes"]
[Date "2013.10.22"]
[Round "3"]
[White "Johansson, Linus"]
[Black "Riff, Vincent"]
[Result "1/2-1/2"]
[WhiteElo "2321"]
[BlackElo "2335"]
[PlyCount "80"]
[EventDate "2013.10.20"]
[EventType "team"]
[EventRounds "7"]
[EventCountry "GRE"]
[WhiteTeam "Limhamns SK"]
[BlackTeam "Reichenstein SSB"]

1. d4 d5 2. c4 c6 3. Nf3 Nf6 4. Nc3 a6 5. e3 g6 6. Be2 Bg7 7. O-O O-O 8. b3 Ne4
9. Bb2 Nxc3 10. Bxc3 Bg4 11. Rc1 e6 12. h3 Bxf3 13. Bxf3 Nd7 14. Qd3 Re8 15.
Rfd1 Nf6 16. Be1 Qe7 17. a4 Rad8 18. cxd5 Nxd5 19. Qc4 Bh6 20. Qc5 Qd7 21. b4
Bf8 22. Qc4 Rc8 23. Qb3 Nc7 24. Rc2 Qe7 25. Rdc1 Rcd8 26. b5 axb5 27. Ba5 b4
28. Rc4 Nd5 29. Bxd8 Rxd8 30. Bxd5 exd5 31. R4c2 Ra8 32. Ra1 Ra5 33. Rcc1 Qd8
34. Re1 Qa8 35. Qd1 Qa7 36. e4 dxe4 37. Rxe4 Rd5 38. Qd2 f5 39. Re8 Qxd4 40.
Qe1 Kg7 1/2-1/2

[Event "ECCC 2013"]
[Site "Rhodes"]
[Date "2013.10.22"]
[Round "3"]
[White "Lutz, Bernhard"]
[Black "Schneider, Stefan"]
[Result "1/2-1/2"]
[WhiteElo "2339"]
[BlackElo "2327"]
[PlyCount "158"]
[EventDate "2013.10.20"]
[EventType "team"]
[EventRounds "7"]
[EventCountry "GRE"]
[WhiteTeam "Reichenstein SSB"]
[BlackTeam "Limhamns SK"]

1. d4 e6 2. c4 Bb4+ 3. Bd2 a5 4. Nf3 d6 5. g3 Nc6 6. Bg2 e5 7. d5 Bxd2+ 8. Qxd2
Nb8 9. O-O Nd7 10. Nc3 Nc5 11. e4 Nf6 12. Ne1 O-O 13. Nd3 Nxd3 14. Qxd3 Bd7 15.
f4 Qb8 16. fxe5 Qa7+ 17. Kh1 Ng4 18. exd6 cxd6 19. Qe2 Ne5 20. b3 a4 21. Rab1
axb3 22. axb3 Qd4 23. Qb2 h5 24. Ne2 Qe3 25. Nf4 b5 26. Nxh5 Qh6 27. Nf4 bxc4
28. bxc4 Nxc4 29. Qd4 Ne5 30. Rb2 Ra3 31. Kg1 g5 32. Qb4 Ra4 33. Qb7 Bg4 34.
Ne2 Qh8 35. Qe7 Ng6 36. Qf6 Qxf6 37. Rxf6 Ne5 38. h3 Ra1+ 39. Kh2 Kg7 40. Rf1
Rxf1 41. Bxf1 Bf3 42. Nc3 Rc8 43. Nb5 Rc1 44. Bg2 Nc4 45. Ra2 Bh5 46. g4 Bg6
47. Re2 Kf6 48. Nd4 Ne5 49. Nb5 Nc4 50. Nd4 Ne5 51. Rf2+ Kg7 52. Ra2 Nc4 53.
Nf3 Kh6 54. Re2 Rc3 55. e5 dxe5 56. Nxe5 Nxe5 57. Rxe5 Rd3 58. Kg1 Kg7 59. Kf2
Rd2+ 60. Re2 Rd1 61. Rb2 Kf6 62. Ke2 Rd4 63. Ke3 Rd1 64. Rd2 Rxd2 65. Kxd2 Ke5
66. Kc3 f5 67. Kc4 fxg4 68. hxg4 Bf7 69. Kc5 Kf4 70. d6 Be6 71. Kc6 Bxg4 72.
Kc7 Ke5 73. Bc6 Bf5 74. Bd7 Bxd7 75. Kxd7 g4 76. Ke7 g3 77. d7 g2 78. d8=Q g1=Q
79. Qd6+ Ke4 1/2-1/2

[Event "ECCC 2013"]
[Site "Rhodes"]
[Date "2013.10.22"]
[Round "3"]
[White "Lindgren, Philip"]
[Black "Drabke, Lorenz Maximilian"]
[Result "1/2-1/2"]
[WhiteElo "2278"]
[BlackElo "2434"]
[PlyCount "84"]
[EventDate "2013.10.20"]
[EventType "team"]
[EventRounds "7"]
[EventCountry "GRE"]
[WhiteTeam "Limhamns SK"]
[BlackTeam "Reichenstein SSB"]

1. d4 d5 2. c4 c6 3. Nf3 Nf6 4. Nc3 dxc4 5. a4 Bf5 6. e3 e6 7. Bxc4 Bb4 8. O-O
O-O 9. Qe2 Bg4 10. h3 Bh5 11. Rd1 Nbd7 12. e4 Qe7 13. Bf4 Bxf3 14. Qxf3 e5 15.
Bg3 exd4 16. Rxd4 Ne5 17. Qe2 Bxc3 18. bxc3 c5 19. Rd2 Nxc4 20. Qxc4 Qxe4 21.
Qxc5 Rfc8 22. Qe5 Rc4 23. Rad1 h5 24. Rd4 Rxd4 25. Rxd4 Qb1+ 26. Kh2 Re8 27.
Qb5 Qxb5 28. axb5 Ne4 29. Rd7 Nxc3 30. Rxb7 Re6 31. Rxa7 Nxb5 32. Ra5 Rb6 33.
Bf4 f6 34. h4 Kf7 35. g3 Kg6 36. Be3 Rb7 37. Kg2 Nd6 38. Ra2 Nf5 39. Bc5 Rb5
40. Rc2 Rb3 41. Ba7 Ra3 42. Bc5 Rb3 1/2-1/2

[Event "ECCC 2013"]
[Site "Rhodes"]
[Date "2013.10.22"]
[Round "3"]
[White "Scherer, Max"]
[Black "Mansson, Peter"]
[Result "0-1"]
[WhiteElo "2303"]
[BlackElo "2136"]
[PlyCount "65"]
[EventDate "2013.10.20"]
[EventType "team"]
[EventRounds "7"]
[EventCountry "GRE"]
[WhiteTeam "Reichenstein SSB"]
[BlackTeam "Limhamns SK"]

1. c4 e5 2. g3 d6 3. Bg2 f5 4. Nc3 Nf6 5. e3 Be7 6. Nge2 O-O 7. O-O c6 8. b4
Be6 9. d3 d5 10. d4 Bxb4 11. dxe5 Bxc3 12. Nxc3 Ne4 13. Nxe4 dxe4 14. Ba3 Re8
15. Qc2 Qa5 16. Bd6 Nd7 17. c5 Bd5 18. f4 exf3 19. Bxf3 g6 20. Bxd5+ cxd5 21.
Qd3 Nxe5 22. Qxd5+ Nf7 23. Rab1 b6 24. e4 Rad8 25. Rfe1 bxc5 26. Qxc5 Qxa2 27.
e5 Rc8 28. Qf2 Rc2 29. Qf1 Qd5 30. Rbd1 Rd2 31. Rxd2 Qxd2 32. Rd1 Qe3+ 33. Kg2
0-1

[Event "ECCC 2013"]
[Site "Rhodes"]
[Date "2013.10.22"]
[Round "3"]
[White "Cox, John J"]
[Black "Solak, Dragan"]
[Result "1/2-1/2"]
[WhiteElo "2387"]
[BlackElo "2611"]
[PlyCount "81"]
[EventDate "2013.10.20"]
[EventType "team"]
[EventRounds "7"]
[EventCountry "GRE"]
[WhiteTeam "Barbican 4NCL"]
[BlackTeam "Besiktas JK"]

1. c4 e5 2. g3 Nc6 3. Nc3 Bc5 4. Bg2 a6 5. e3 d6 6. Nge2 Nge7 7. O-O O-O 8. b3
Ba7 9. Bb2 Bf5 10. d4 Qd7 11. Nd5 exd4 12. Nxd4 Bg4 13. Nxe7+ Nxe7 14. Qd2 Rab8
15. f3 Bh3 16. Rad1 Rfe8 17. Rfe1 Bxg2 18. Kxg2 Nc6 19. Nxc6 Qxc6 20. e4 Re6
21. Bd4 Bxd4 22. Qxd4 Rbe8 23. g4 Re5 24. Qf2 a5 25. Rd5 a4 26. Rxe5 dxe5 27.
Rd1 h6 28. Rd5 axb3 29. axb3 Qf6 30. Qd2 Re6 31. b4 Kh7 32. b5 b6 33. Rd7 Rd6
34. Rxd6 Qxd6 35. Qxd6 cxd6 36. f4 f6 37. fxe5 fxe5 38. h4 g5 39. hxg5 hxg5 40.
Kf3 Kg6 41. Ke3 1/2-1/2

[Event "ECCC 2013"]
[Site "Rhodes"]
[Date "2013.10.22"]
[Round "3"]
[White "Kanmazalp, Ogulcan"]
[Black "Ferguson, Mark"]
[Result "0-1"]
[WhiteElo "2417"]
[BlackElo "2414"]
[PlyCount "82"]
[EventDate "2013.10.20"]
[EventType "team"]
[EventRounds "7"]
[EventCountry "GRE"]
[WhiteTeam "Besiktas JK"]
[BlackTeam "Barbican 4NCL"]

1. d4 d5 2. c4 c6 3. cxd5 cxd5 4. Nc3 Nf6 5. Bf4 Nc6 6. e3 Bf5 7. Qb3 Na5 8.
Qa4+ Bd7 9. Qc2 e6 10. Bd3 Rc8 11. Nf3 Bb4 12. O-O O-O 13. Rfc1 h6 14. h3 Qe7
15. a3 Bxc3 16. bxc3 Nc4 17. Qb3 Bc6 18. a4 b6 19. Ne5 Qb7 20. Qc2 Nd7 21. Qe2
Ndxe5 22. dxe5 Qe7 23. e4 Na5 24. exd5 Bxd5 25. c4 Bb7 26. Rc3 Rfd8 27. Rac1
Qh4 28. Qe3 Nc6 29. Be4 Na5 30. Bd3 Nc6 31. Be4 Na5 32. Bb1 Nc6 33. Qe4 Nd4 34.
Qh7+ Kf8 35. Bg3 Qg5 36. Re3 Ne2+ 37. Kh2 Nxc1 38. f4 Qh5 39. Qh8+ Ke7 40. Qxg7
Rd2 41. Qf6+ Ke8 0-1

[Event "ECCC 2013"]
[Site "Rhodes"]
[Date "2013.10.22"]
[Round "3"]
[White "Grafl, Florian"]
[Black "Yilmazyerli, Mert"]
[Result "1-0"]
[WhiteElo "2379"]
[BlackElo "2414"]
[PlyCount "75"]
[EventDate "2013.10.20"]
[EventType "team"]
[EventRounds "7"]
[EventCountry "GRE"]
[WhiteTeam "Barbican 4NCL"]
[BlackTeam "Besiktas JK"]

1. b3 e5 2. Bb2 Nc6 3. e3 Nf6 4. Bb5 Bd6 5. Na3 Na5 6. Be2 a6 7. c4 Qe7 8. Nc2
e4 9. d4 exd3 10. Bxd3 Nc6 11. Nf3 Ne5 12. O-O b6 13. Nxe5 Bxe5 14. Nd4 O-O 15.
f4 Bxd4 16. exd4 d5 17. Qf3 Bb7 18. Rae1 Qd7 19. Qg3 Rfe8 20. Re5 a5 21. Rfe1
a4 22. Bf5 Qc6 23. cxd5 Nxd5 24. Be4 Qd7 25. Qf3 Rxe5 26. dxe5 axb3 27. Qxb3
Qe7 28. Kh1 Qc5 29. Rc1 Qa5 30. a3 c6 31. e6 f6 32. Qh3 g6 33. e7 Qd2 34. Qe6+
Kg7 35. Qd7 Kh6 36. e8=Q Rxe8 37. Qxe8 Qxb2 38. Qf8+ 1-0

[Event "ECCC 2013"]
[Site "Rhodes"]
[Date "2013.10.22"]
[Round "3"]
[White "Dorrington, Chris J"]
[Black "Ozturk, Kubra"]
[Result "1/2-1/2"]
[WhiteElo "2313"]
[BlackElo "2279"]
[PlyCount "141"]
[EventDate "2013.10.20"]
[EventType "team"]
[EventRounds "7"]
[EventCountry "GRE"]
[WhiteTeam "Barbican 4NCL"]
[BlackTeam "Besiktas JK"]

1. d4 Nf6 2. c4 e6 3. Nc3 Bb4 4. e3 O-O 5. Nge2 d5 6. a3 Be7 7. cxd5 exd5 8.
Nf4 c6 9. Bd3 a5 10. O-O Na6 11. Bc2 Nc7 12. f3 Ne6 13. Nxe6 Bxe6 14. Kh1 c5
15. b3 Rc8 16. Bb2 Re8 17. Rc1 cxd4 18. Qxd4 Bc5 19. Qd3 g6 20. e4 dxe4 21.
Qxd8 Rexd8 22. Nxe4 Nxe4 23. Bxe4 b6 24. Rc3 Bf8 25. Re3 Bh6 26. f4 Bxf4 27.
Ref3 Bh6 28. Bf6 Rd7 29. Bd3 Bg7 30. Bb5 Rd2 31. Bxg7 Kxg7 32. Bc4 Bxc4 33.
bxc4 f5 34. Rc3 Re8 35. h3 Ree2 36. Rg3 Kf6 37. Rb1 Rb2 38. Rb3 Re1+ 39. Rxe1
Rxb3 40. Re8 Kg5 41. Rb8 a4 42. Ra8 Rxa3 43. Ra6 Kf4 44. Kh2 g5 45. Rxb6 Ra1
46. c5 a3 47. c6 Rc1 48. Ra6 Rc3 49. Ra4+ Ke5 50. c7 Rxc7 51. Rxa3 Rc4 52. Ra7
h5 53. Rh7 h4 54. Rh5 Kf4 55. Rh8 Ke3 56. Rh5 Kf4 57. Rh8 Rc2 58. Re8 Ra2 59.
Re7 Ra1 60. Rf7 Re1 61. Rf8 Re5 62. Rg8 Re2 63. Rf8 Rf2 64. Rg8 g4 65. hxg4
fxg4 66. Rf8+ Ke3 67. Re8+ Kd3 68. Rg8 h3 69. Rxg4 Rxg2+ 70. Rxg2 hxg2 71. Kxg2
1/2-1/2

[Event "ECCC 2013"]
[Site "Rhodes"]
[Date "2013.10.22"]
[Round "3"]
[White "Apaydin, Fethi"]
[Black "Lauterbach, Ingrid"]
[Result "1/2-1/2"]
[WhiteElo "2246"]
[BlackElo "2123"]
[PlyCount "98"]
[EventDate "2013.10.20"]
[EventType "team"]
[EventRounds "7"]
[EventCountry "GRE"]
[WhiteTeam "Besiktas JK"]
[BlackTeam "Barbican 4NCL"]

1. e4 c5 2. Nc3 Nc6 3. g3 g6 4. Bg2 Bg7 5. d3 Rb8 6. Be3 d6 7. a4 a6 8. f4 e6
9. Nf3 Nge7 10. O-O O-O 11. Rb1 b5 12. axb5 axb5 13. Ne2 b4 14. g4 Qb6 15. Ng3
d5 16. f5 exf5 17. gxf5 dxe4 18. Nxe4 Bxf5 19. Nxc5 Rbd8 20. Bf2 Nd4 21. c3
bxc3 22. bxc3 Qxc5 23. cxd4 Qd6 24. Qd2 Nc6 25. d5 Ne5 26. Rb6 Qxd5 27. Nd4 Qd7
28. Rb7 Qd6 29. Nxf5 gxf5 30. Bh4 Qd4+ 31. Qf2 Qxf2+ 32. Rxf2 Rxd3 33. Rxf5
Rd1+ 34. Rf1 Rxf1+ 35. Kxf1 Ng4 36. Be7 Rc8 37. Bh3 f5 38. Rb5 Nxh2+ 39. Kg2
Ng4 40. Kg3 Rc3+ 41. Kh4 Re3 42. Bg5 Re4 43. Bg2 Re8 44. Rxf5 Ne3 45. Bxe3 Rxe3
46. Bd5+ Kh8 47. Rf7 h6 48. Rd7 Re8 49. Bb3 Re4+ 1/2-1/2

[Event "ECCC 2013"]
[Site "Rhodes"]
[Date "2013.10.22"]
[Round "3"]
[White "Ikonnikov, Vyacheslav"]
[Black "Lubczynski, Rafal"]
[Result "1-0"]
[WhiteElo "2564"]
[BlackElo "2432"]
[PlyCount "61"]
[EventDate "2013.10.20"]
[EventType "team"]
[EventRounds "7"]
[EventCountry "GRE"]
[WhiteTeam "En Passant"]
[BlackTeam "Sautron"]

1. d4 d5 2. Nf3 Nf6 3. c4 c6 4. Nc3 a6 5. c5 Bf5 6. Bf4 Nbd7 7. e3 Nh5 8. Be5
f6 9. Nh4 Be6 10. Bg3 Bf7 11. Be2 Nxg3 12. hxg3 e5 13. Nf5 g6 14. Nh6 Be6 15.
g4 b6 16. cxb6 Qxb6 17. Qd2 Rb8 18. O-O-O Qa5 19. Kc2 c5 20. dxe5 d4 21. exd4
cxd4 22. Qxd4 fxe5 23. Qd2 Bb4 24. Rh3 Nb6 25. a3 Bb3+ 26. Kxb3 Bxc3 27. Qd6
Nd7+ 28. Kc2 Rxb2+ 29. Kc1 Qd8 30. Rxc3 Rb6 31. Rc6 1-0

[Event "ECCC 2013"]
[Site "Rhodes"]
[Date "2013.10.22"]
[Round "3"]
[White "Tripoteau, Nicolas"]
[Black "Nijboer, Friso"]
[Result "0-1"]
[WhiteElo "2363"]
[BlackElo "2528"]
[PlyCount "52"]
[EventDate "2013.10.20"]
[EventType "team"]
[EventRounds "7"]
[EventCountry "GRE"]
[WhiteTeam "Sautron"]
[BlackTeam "En Passant"]

1. Nf3 f5 2. b3 d6 3. Bb2 e5 4. d3 Nf6 5. e4 c5 6. Nbd2 Nc6 7. a3 Be7 8. c3 a5
9. d4 exd4 10. cxd4 fxe4 11. d5 exf3 12. dxc6 bxc6 13. Qxf3 d5 14. Bd3 a4 15.
O-O O-O 16. Qg3 axb3 17. Rad1 Ra4 18. Bb1 Bd6 19. f4 Nh5 20. Qd3 Bf5 21. Qxb3
Rxf4 22. Bxf5 R8xf5 23. Nf3 c4 24. Qb7 Bc5+ 25. Kh1 Ng3+ 26. hxg3 Rh5+ 0-1

[Event "ECCC 2013"]
[Site "Rhodes"]
[Date "2013.10.22"]
[Round "3"]
[White "Bosboom, Manuel"]
[Black "Delorme, Alban"]
[Result "1-0"]
[WhiteElo "2390"]
[BlackElo "2283"]
[PlyCount "43"]
[EventDate "2013.10.20"]
[EventType "team"]
[EventRounds "7"]
[EventCountry "GRE"]
[WhiteTeam "En Passant"]
[BlackTeam "Sautron"]

1. c4 e6 2. Nf3 Nf6 3. a3 d5 4. e3 c5 5. d4 b6 6. Nc3 Be7 7. cxd5 exd5 8. Bb5+
Bd7 9. Be2 Be6 10. Ne5 O-O 11. O-O Ne4 12. Bd3 f6 13. Nf3 f5 14. Ne5 Bf6 15.
Ne2 Bxe5 16. dxe5 Nc6 17. f3 Ng5 18. Bb5 Qc7 19. e4 fxe4 20. Bxg5 exf3 21. Nf4
Qxe5 22. Bxc6 1-0

[Event "ECCC 2013"]
[Site "Rhodes"]
[Date "2013.10.22"]
[Round "3"]
[White "Aubry, Yannis"]
[Black "Vedder, Henk"]
[Result "0-1"]
[WhiteElo "2184"]
[BlackElo "2367"]
[PlyCount "54"]
[EventDate "2013.10.20"]
[EventType "team"]
[EventRounds "7"]
[EventCountry "GRE"]
[WhiteTeam "Sautron"]
[BlackTeam "En Passant"]

1. e4 e6 2. d4 d5 3. Nc3 Nf6 4. exd5 exd5 5. Bf4 Be7 6. Bd3 Bg4 7. Nge2 Nc6 8.
f3 Be6 9. Qd2 O-O 10. O-O-O Nb4 11. g4 Nxd3+ 12. Qxd3 Ne8 13. h4 Nd6 14. Ng3
Qd7 15. Rde1 Nc4 16. Nf5 Bb4 17. Reg1 Rfe8 18. Nd1 Bf8 19. h5 Rec8 20. Nh4 c5
21. g5 cxd4 22. g6 fxg6 23. hxg6 h6 24. Bxh6 gxh6 25. g7 Bxg7 26. Qg6 d3 27.
Qxh6 d2+ 0-1

[Event "ECCC 2013"]
[Site "Rhodes"]
[Date "2013.10.22"]
[Round "3"]
[White "Vedder, Richard"]
[Black "Sorin, Baptiste"]
[Result "1/2-1/2"]
[WhiteElo "2257"]
[BlackElo "2183"]
[PlyCount "80"]
[EventDate "2013.10.20"]
[EventType "team"]
[EventRounds "7"]
[EventCountry "GRE"]
[WhiteTeam "En Passant"]
[BlackTeam "Sautron"]

1. e4 c5 2. Nf3 d6 3. Nc3 Nc6 4. d4 cxd4 5. Nxd4 Nf6 6. Bc4 Bd7 7. O-O g6 8.
Nxc6 Bxc6 9. Qe2 Bg7 10. Rd1 Nd7 11. Be3 O-O 12. Bb3 b6 13. Bd4 Qc7 14. Nd5
Bxd5 15. exd5 Nc5 16. Bxg7 Kxg7 17. c3 a5 18. Bc4 a4 19. Bb5 Ra7 20. Rd4 e5 21.
dxe6 fxe6 22. Rad1 d5 23. c4 Ne4 24. f3 Qc5 25. fxe4 e5 26. exd5 exd4 27. Qe5+
Kg8 28. Qxd4 Qd6 29. Re1 a3 30. b3 Raf7 31. Bc6 Qb4 32. Qe3 Rf2 33. Qxf2 Rxf2
34. Kxf2 Qd2+ 35. Re2 Qd4+ 36. Kf3 Kf7 37. g3 Qd3+ 38. Kf2 Qd4+ 39. Kg2 Qd3 40.
Kf2 Qd4+ 1/2-1/2

[Event "ECCC 2013"]
[Site "Rhodes"]
[Date "2013.10.22"]
[Round "3"]
[White "Gallant, Aurelien"]
[Black "De Graaf, Dick"]
[Result "0-1"]
[WhiteElo "2124"]
[BlackElo "2199"]
[PlyCount "46"]
[EventDate "2013.10.20"]
[EventType "team"]
[EventRounds "7"]
[EventCountry "GRE"]
[WhiteTeam "Sautron"]
[BlackTeam "En Passant"]

1. e4 d6 2. d4 Nf6 3. Nc3 g6 4. f4 Bg7 5. Nf3 O-O 6. e5 Nh5 7. Bd3 c5 8. dxc5
dxe5 9. fxe5 Nc6 10. Be4 Nxe5 11. Qxd8 Rxd8 12. O-O Nc6 13. Be3 Nf6 14. Bxc6
bxc6 15. Ne5 Ng4 16. Nxc6 Nxe3 17. Nxd8 Nxf1 18. Rxf1 Bd4+ 19. Kh1 Ba6 20. Rd1
Rxd8 21. Ne4 Bb7 22. Nc3 Ba6 23. Ne4 Bb7 0-1

[Event "ECCC 2013"]
[Site "Rhodes"]
[Date "2013.10.22"]
[Round "3"]
[White "Rasmussen, Allan Stig"]
[Black "Williams, Simon K"]
[Result "0-1"]
[WhiteElo "2499"]
[BlackElo "2463"]
[PlyCount "62"]
[EventDate "2013.10.20"]
[EventType "team"]
[EventRounds "7"]
[EventCountry "GRE"]
[WhiteTeam "Jetsmark"]
[BlackTeam "Jutes of Kent"]

1. d4 Nf6 2. Nf3 e6 3. g3 c5 4. Bg2 cxd4 5. Nxd4 d5 6. O-O e5 7. Nb3 Nc6 8. c4
d4 9. e3 Bg4 10. f3 Be6 11. exd4 exd4 12. f4 Be7 13. Na3 Qd7 14. Re1 Bg4 15.
Nc5 Qf5 16. Nxb7 O-O 17. Qa4 Bb4 18. Rf1 Rac8 19. Bxc6 Rxc6 20. Qxc6 Be2 21.
Qb5 Qe4 22. Qe5 Qd3 23. Rf2 Re8 24. Qb5 Be1 25. Qb3 Bxf2+ 26. Kxf2 Qe4 27. Bd2
d3 28. Qc3 Qf3+ 29. Kg1 Ne4 30. Qd4 Nxg3 31. Qd5 Ne4 0-1

[Event "ECCC 2013"]
[Site "Rhodes"]
[Date "2013.10.22"]
[Round "3"]
[White "Gretarsson, Hjorvar Steinn"]
[Black "Pedersen, Christian Kyndel"]
[Result "1-0"]
[WhiteElo "2505"]
[BlackElo "2427"]
[PlyCount "57"]
[EventDate "2013.10.20"]
[EventType "team"]
[EventRounds "7"]
[EventCountry "GRE"]
[WhiteTeam "Jutes of Kent"]
[BlackTeam "Jetsmark"]

1. d4 Nf6 2. c4 g6 3. f3 Nc6 4. Nc3 d5 5. Bg5 Bg7 6. e3 e6 7. Bd3 O-O 8. Nge2
h6 9. Bh4 Nb4 10. O-O c5 11. dxc5 Qa5 12. a3 Nxd3 13. Qxd3 Qxc5 14. Bxf6 Bxf6
15. cxd5 exd5 16. Rac1 Be6 17. Nf4 Qc4 18. Ncxd5 Qxd3 19. Nxf6+ Kg7 20. N6h5+
gxh5 21. Nxd3 Rac8 22. Rxc8 Bxc8 23. h4 Bf5 24. Nf4 Bg6 25. Rc1 Re8 26. e4 Re5
27. Rc7 Rb5 28. b4 Kf8 29. Nd5 1-0